Los pactos frente a la inflación estructural /
محفوظ في:
| المؤلف الرئيسي: | |
|---|---|
| التنسيق: | نص |
| الوسوم: |
إضافة وسم
لا توجد وسوم, كن أول من يضع وسما على هذه التسجيلة!
|
MARC
| LEADER | 00000 a a2200000 04500 | ||
|---|---|---|---|
| 001 | 46014 | ||
| 003 | |||
| 040 | |||
| 100 | |a Zepeda Martínez, Mario J. | ||
| 245 | |a Los pactos frente a la inflación estructural / |c Mario J. Zepeda Martínez | ||
| 773 | |g número59 (1992), páginas 19-24 | ||
| 999 | |c 30464 |d 30464 | ||
